[Event "Meister gegen Talente"]
[Site "?"]
[Date "2018.06.17"]
[Round "3"]
[White "Heldt, Nils-Lennart"]
[Black "Buchal, Stephan"]
[Result "0-1"]
[WhiteElo "1974"]
[BlackElo "2337"]
[PlyCount "40"]
[SourceVersionDate "2018.06.17"]

1. b3 e5 2. c4 g6 3. Bb2 Bg7 4. Nf3 d6 5. e3 f5 6. d4 e4 7. Nfd2 Nf6 8. Nc3 O-O
9. Be2 Nc6 10. a3 Bd7 11. Qc2 Ne7 12. O-O-O c6 13. f4 exf3 14. gxf3 b5 15. e4
fxe4 16. Ndxe4 Nf5 17. Rd3 bxc4 18. bxc4 Nh5 19. Nd1 Nf4 20. Rd2 Nxe2+ 0-1

[Event "Meister gegen Talente"]
[Site "?"]
[Date "2018.06.17"]
[Round "3"]
[White "Silber, Kevin"]
[Black "Hundack, Rolf"]
[Result "1-0"]
[WhiteElo "2124"]
[BlackElo "2075"]
[Annotator "Rolf Hundack"]
[PlyCount "65"]
[EventDate "2018.??.??"]
[SourceVersionDate "2018.06.17"]

{2000MB, PowerBook2017.ctg} 1. Nf3 Nf6 2. b3 g6 3. Bb2 Bg7 4. e3 O-O 5. d4 d6
6. Nbd2 Nc6 7. c4 e5 8. d5 Ne7 9. e4 Nh5 10. g3 h6 11. Bg2 f5 12. O-O f4 {
[#] Wie soll es weitergehen? Mit Figuren angreifen oder eher die Bauern laufen
lassen? Wenn Weiß es nicht mit der Angst bekommt und die eigene Stellung
schwächt, ist der schwarze Angriff wenig aussichtsreich ist, während Weiß am
Damenflügel in kurzer Zeit einiges losmachen kann.} 13. Qc2 (13. c5 b6 14. cxd6
cxd6 15. Qe2 Bb7 16. Rac1 {und Schwarz bekäme bereits Probleme am Damenflügel.}
) 13... g5 14. Rfc1 g4 15. Ne1 {[#] Weiß zieht eine Figur nach der anderen vom
König weg in Richtung Damenflügel. Für mich an diesem Sonntagmorgen schwer
vorstellbar, dass das gutgehen kann. Der Computer sagt aber: Nichts los, -0,21.
Wusste ich ja nicht und hatte die Idee, bereits etwas besser zu stehen. Was
darin mündete, dass ich hier begann, einen Plan für einen Königsangriff mit
Figurenopfern zu entwickeln. Besonders hatten es mir die (noch zu öffnende)
f-Linie sowie die Diagonale a7-g1 angetan.} Ng6 16. Nd3 Qg5 17. c5 Bd7 ({
Besser wäre es wohl, sich zunächst um den Damenflügel kümmern und dann zum
Königsangriff übergehen.} 17... dxc5 18. Nxc5 fxg3 19. hxg3 (19. fxg3 $2 Qe3+
20. Kh1 Rf2 21. Nf1 Rxc2 22. Nxe3 Rxb2 {mit deutlichem Vorteil für Schwarz.})
19... Nxg3 20. fxg3 Qe3+ 21. Kh1 Qxg3 22. Nf1 Qh4+ 23. Kg1 Nf4 {Der Computer
sagt: Bei genauem Spiel Ausgleich, zum Beispiel nach} 24. Qd2 g3 25. Nd3 Nxg2
26. Qxg2 Bh3 27. Qxg3 Rxf1+ 28. Kh2 Qh5 29. Qxh3 Qe2+ 30. Qg2 Qh5+ {und
Dauerschach. In der Variante hätte aber wohl Weiß mehr Probleme gehabt, die
richtige Verteidigung zu finden als Schwarz, den Angriff fortzusetzen.}) 18. a4
Rf7 19. Ba3 fxg3 20. hxg3 Raf8 {[#] Ich hatte mich inzwischen entschlossen,
den Damenflügel zu vernachlässigen und (vorerst) nur noch auf Königsangriff zu
spielen. Der Plan bestand aus vier Schritten: 1. Springeropfer auf g3, 2.
Damenschach auf e3, 3. Turmopfer auf f5 und 4. Turmschach auf h5.} 21. cxd6 {
Weiß zeigte sich unbeeindruckt und unternahm freundlicherweise nichts, dem
eigenen König zu Hilfe zu kommen.} Nxg3 22. fxg3 Qe3+ 23. Kh2 $6 ({Besser ist} 
23. Kh1 Qxg3 24. Nf1 Qh4+ 25. Kg1 {und Schwarz muss die Kompensation für das
Figurenopfer erst noch nachweisen.}) 23... Rf5 24. exf5 Rxf5 25. Nf2 {[#]
Wahrscheinlich der einzige Zug.} Rh5+ $4 {Kurz vor Schluss wird die Partie
doch noch vermasselt.} ({Mit nur noch Sekunden auf der Uhr irritierte mich hier
} 25... Qxf2 26. Nf3 {, aber} Rh5+ 27. Nh4 {[#] Analysediagramm} Nxh4 28. Qxf2
Nf3# {Doppelschach und Matt, das wäre doch mal was gewesen... Weiß hätte sich
also auf 26.Dxf5 Dxf5 einlassen müssen, mit Vorteil für Schwarz.}) 26. Kg1 $18
{Der Rest ist uninteressant.} Nf4 27. gxf4 exf4 28. Nf1 Qe5 29. Re1 Qg5 30.
dxc7 g3 31. c8=Q+ Bxc8 32. Qxc8+ Kh7 33. Be4+ 1-0

[Event "Meister gegen Talente"]
[Site "?"]
[Date "2018.06.23"]
[Round "4"]
[White "Hoeksema, Hendrik Pieter"]
[Black "Heldt, Nils-Lennart"]
[Result "1-0"]
[WhiteElo "2348"]
[BlackElo "1974"]
[PlyCount "71"]
[EventDate "2018.??.??"]
[SourceVersionDate "2018.06.17"]

1. c4 Nf6 2. Nc3 e5 3. Nf3 Nc6 4. e3 d5 5. cxd5 Nxd5 6. Bb5 Nxc3 7. bxc3 Bd6 8.
d4 exd4 9. cxd4 O-O 10. O-O Bg4 11. h3 Bh5 12. Bb2 Qe7 13. Be2 Kh8 14. d5 Bxf3
15. Bxf3 Ne5 16. Be2 f5 17. Bd4 f4 18. exf4 Rxf4 19. Be3 Rff8 20. Rb1 b6 21.
Qd2 Ng6 22. Bg4 h5 23. Be6 Nf4 24. Rfe1 Qg5 25. g3 Qg6 26. Kh2 Nxe6 27. dxe6
Rae8 28. Rb5 h4 29. Rg5 hxg3+ 30. fxg3 Qxe6 31. Bd4 Qxe1 32. Bxg7+ Kh7 33. Rh5+
Kg8 34. Rh8+ {[#]} Kxg7 $4 (34... Kf7 35. Qd5+ Re6 36. Qf5+ Kxg7 $19) 35. Qh6+
Kf7 36. Rh7+ 1-0

[Event "Meister gegen Talente"]
[Site "?"]
[Date "2018.06.23"]
[Round "4"]
[White "Buchal, Stephan"]
[Black "Pahl, Theis"]
[Result "1-0"]
[WhiteElo "2337"]
[BlackElo "1971"]
[PlyCount "54"]
[EventDate "2018.??.??"]
[SourceVersionDate "2018.06.17"]

1. c4 c5 2. g3 g6 3. Bg2 Bg7 4. Nc3 Nc6 5. Nf3 d6 6. O-O Bd7 7. a3 Qc8 8. b4
Nd4 9. bxc5 Qxc5 10. Nxd4 Bxd4 11. Rb1 Bc6 12. Nd5 Rc8 13. Qb3 e6 14. e3 Bg7
15. Bb2 e5 16. Bc3 Bxd5 17. Bxd5 Ne7 18. Qa4+ Kf8 19. Rb5 Qc7 20. Rxb7 Qd8 21.
Qxa7 Bf6 22. Rd7 Qe8 23. Rxd6 Kg7 24. Bb7 Rd8 25. Rxf6 Kxf6 26. Qb6+ Kg7 27.
Bxe5+ Kg8 1-0

[Event "Meister gegen Talente"]
[Site "?"]
[Date "2018.07.03"]
[Round "4"]
[White "Margraf, Daniel"]
[Black "Pahl, Erik"]
[Result "1/2-1/2"]
[WhiteElo "2245"]
[BlackElo "2128"]
[PlyCount "120"]
[EventDate "2018.??.??"]
[SourceVersionDate "2018.06.17"]

1. e4 Nc6 2. Nf3 e5 3. Bb5 a6 4. Ba4 Nf6 5. d3 d6 6. c3 g6 7. O-O Bg7 8. Re1
O-O 9. Nbd2 b5 10. Bb3 Na5 11. Bc2 c5 12. Nf1 Qc7 13. Ng3 Nc6 14. h3 d5 15. Bg5
d4 16. cxd4 cxd4 17. Rc1 Qd6 18. Qd2 Be6 19. a3 Nd7 20. Bh6 Bxh6 21. Qxh6 f6
22. Nh4 Rfc8 23. Nxg6 hxg6 24. Qxg6+ Kf8 25. Nf5 Bxf5 26. exf5 Ke7 27. Bb3 Kd8
28. Be6 Ra7 29. b4 Qf8 30. Qg3 Rac7 31. Qf3 Qd6 32. h4 Na7 33. Rxc7 Rxc7 34. h5
Nb6 35. Re4 Rh7 36. Rg4 Qc6 37. Rg8+ Ke7 38. Qxc6 Nxc6 39. g4 Nd8 40. Bb3 Nc8
41. Kg2 Nd6 42. Bd5 N6f7 43. Kg3 Rh8 44. Rg7 Rf8 45. f4 Kd6 46. Be4 Nc6 47. Rg6
exf4+ 48. Kxf4 Nfe5 49. Rg7 Rh8 50. Bxc6 Nxc6 51. Rf7 Rh6 52. g5 Ne5 53. Rxf6+
Rxf6 54. gxf6 Nxd3+ 55. Ke4 Ne5 56. Kxd4 Nf7 57. Ke4 Kc6 58. Kf4 Kd7 59. Ke4
Kc6 60. Kf4 Kd7 (60... Kd5 61. h6 Kd4 62. h7 Kd5 63. Ke3 $8 Ke5 64. Kd3 Kxf6
65. a4 $11) 1/2-1/2

[Event "Meister gegen Talente"]
[Site "Bremen"]
[Date "2018.06.23"]
[Round "4"]
[White "Hundack, Rolf"]
[Black "Colbow, Collin"]
[Result "1-0"]
[WhiteElo "2075"]
[BlackElo "2087"]
[Annotator "Rolf Hundack"]
[PlyCount "67"]
[EventDate "2018.??.??"]
[SourceVersionDate "2018.06.17"]

{2000MB, PowerBook2017.ctg} 1. c4 e5 2. Nc3 Nc6 3. g3 Bc5 4. e3 d6 5. Bg2 a6 6.
Nge2 Ba7 {[#] Der schwarze Aufbau ist nach meinem Eindruck seit zwei, drei
Jahren wieder in Mode. Wenn Weiß nicht aufpasst, lässt sich schnell ein
Königsangriff inszenieren, an dem fast alle schwarzen Figuren inkl. h-Bauer
und h-Turm teilnehmen.} 7. Nd5 {Eigentlich wollte ich mich schon vor längerer
Zeit mit aktuellen Entwicklungen in diesem System beschäftigt haben. Habe ich
aber nicht, also erst einmal von den Hauptvarianten, die die Ereignisse
unnötig beschleunigen könnten (7.d4 oder 7.0-0), abweichen. In Frage kommen
aber auch 7.a3 oder 7.b3.} Be6 {Besser ist hier wohl} (7... Nce7 $142) (7...
Nge7 {oder vielleicht gleich}) (7... h5) 8. d4 Qc8 {Das ist konsequent im
Sinne des geplanten Königsangriffs, aber wohl nur gefährlich, wenn Weiß
sogleich kurz rochiert.} 9. b4 Nce7 10. Bb2 Ng6 11. h4 h5 12. c5 Bxd5 13. Bxd5
Nf6 14. Qa4+ c6 15. Bg2 Qe6 (15... e4 {wäre interessant. Schwarz ließe den
d-Bauern hängen und brächte erst einmal den König in Sicherheit.} 16. cxd6 O-O
17. Nc3 Re8 18. Qc2 Qe6 19. d7 Re7 {[#] Analysediagramm Sonst ginge der
e-Bauer verloren. Der Computer sagt, Weiß könnte hier lang (!) oder kurz
rochieren und sollte im Vorteil bleiben. In der praktischen Partie dürfte das,
zumal angesichts schwindender Restbedenkzeit, schwer zu beweisen sein.}) 16.
Rd1 e4 $2 {[#]} (16... O-O) 17. d5 $18 Nxd5 18. Bh3 f5 19. Nd4 Qf7 20. Bxf5 {
Weiß hatte seine 90 Minuten Bedenkzeit bereits vor dem 20. Zug verbraucht und
lebt von den 30 Sekunden Zugabe pro Zug. Also geht es weiter bis zum Matt.}
Nge7 21. Be6 Qg6 22. Bxd5 Nxd5 23. Nxc6 O-O 24. Rxd5 Qf7 25. Rf5 Qd7 26. Qb3+
Kh7 27. Rxh5+ Kg6 28. Rg5+ Kh6 29. Nxa7 Rf7 30. Qd5 g6 31. Rxg6+ Kxg6 32. Qg5+
Kh7 33. Qh5+ Kg8 34. Qh8# 1-0

[Event "Meister gegen Talente"]
[Site "?"]
[Date "2018.06.24"]
[Round "5"]
[White "Colbow, Collin"]
[Black "Timmerman, Gert"]
[Result "0-1"]
[WhiteElo "2087"]
[BlackElo "2201"]
[PlyCount "142"]
[EventDate "2018.??.??"]
[SourceVersionDate "2018.06.17"]

1. e4 e5 2. Nf3 Nc6 3. Bc4 Nf6 4. d3 h6 5. O-O d6 6. c3 g6 7. d4 Qe7 8. Re1 Bg7
9. h3 O-O 10. Nbd2 Bd7 11. Nf1 Rae8 12. Ng3 Nh7 13. Be3 Ng5 14. Nxg5 hxg5 15.
d5 Nd8 16. Bd3 a5 17. a4 f6 18. b4 f5 19. exf5 gxf5 20. Qh5 axb4 21. Bxg5 Qf7
22. Qd1 e4 23. Be2 Bxc3 24. Bh5 Qg7 25. Bxe8 Rxe8 26. Bxd8 Bxa1 27. Qxa1 Qxa1
28. Rxa1 Rxd8 29. Rb1 b6 30. Rxb4 Ra8 31. Rc4 Ra7 32. Ne2 Bxa4 33. Nd4 Bd7 34.
Kh2 b5 35. Rb4 Ra4 36. Rxa4 bxa4 37. Nc2 Kf7 38. Kg3 Kf6 39. Kf4 Bb5 40. g4
fxg4 41. hxg4 Bd3 42. Na3 Kg6 43. f3 exf3 44. Kxf3 Kg5 45. Ke3 Bf1 46. Kf2 Ba6
47. Kf3 Bc8 48. Ke4 Kxg4 49. Kd4 Bd7 50. Ke4 Kg3 51. Ke3 Kg2 52. Ke2 Be8 53.
Kd3 Kf3 54. Kd4 Ke2 55. Nc4 Bf7 56. Ke4 Be8 57. Kd4 Bb5 58. Na3 Bd3 59. Kc3 Ke3
60. Kb4 Kd4 61. Kxa4 Kxd5 62. Kb3 Kd4 63. Kb2 c5 64. Kb3 c4+ 65. Kb2 c3+ 66.
Kb3 d5 67. Ka2 Ke3 68. Kb3 Kd2 69. Kb4 c2 70. Nxc2 Kxc2 71. Kc5 Be4 0-1

[Event "Meister gegen Talente"]
[Site "?"]
[Date "2018.06.24"]
[Round "5"]
[White "Pahl, Erik"]
[Black "Buchal, Stephan"]
[Result "0-1"]
[WhiteElo "2128"]
[BlackElo "2337"]
[PlyCount "82"]
[EventDate "2018.??.??"]
[SourceVersionDate "2018.06.17"]

1. Nf3 g6 2. g3 Bg7 3. Bg2 f5 4. c4 Nf6 5. Nc3 d6 6. d3 e5 7. Qc2 O-O 8. Rb1
Nc6 9. b4 a6 10. O-O h6 11. a4 a5 12. b5 Nb4 13. Qb3 Nd7 14. Nd2 Nc5 15. Qa3 c6
16. Nb3 Nxb3 17. Qxb3 Rb8 18. Ba3 c5 19. Nd5 Be6 20. Bxb4 cxb4 21. f4 Kh8 22.
fxe5 dxe5 23. e4 Qd6 24. Rbe1 Rf7 25. h3 Rbf8 26. exf5 gxf5 27. Qc2 Bxd5 28.
Bxd5 Rf6 29. Re2 e4 30. Rg2 f4 31. Bxe4 f3 32. Rh2 Qxg3+ 33. Kh1 R6f7 34. Qf2
Qf4 35. h4 b3 36. Rh3 b2 37. Rg1 Qc1 38. d4 Qf4 39. Qc2 Bxd4 40. Rf1 Qg4 41.
Rh2 Rg7 0-1

[Event "Meister gegen Talente"]
[Site "?"]
[Date "2018.07.03"]
[Round "5"]
[White "Pahl, Theis"]
[Black "Hoeksema, Hendrik Pieter"]
[Result "1/2-1/2"]
[WhiteElo "1971"]
[BlackElo "2348"]
[PlyCount "73"]
[EventDate "2018.??.??"]
[SourceVersionDate "2018.06.17"]

1. e4 c5 2. Nf3 d6 3. d4 cxd4 4. Nxd4 Nf6 5. Nc3 Nc6 6. Bg5 e6 7. Qd2 a6 8.
O-O-O Bd7 9. f4 b5 10. a3 Qb6 11. Bxf6 gxf6 12. Nxc6 Bxc6 13. Be2 Rb8 14. f5 h5
15. Kb1 b4 16. axb4 Qxb4 17. b3 a5 18. Ka2 a4 19. Bc4 d5 20. exd5 Bh6 21. Qd3
axb3+ 22. cxb3 Ra8+ 23. Kb1 exd5 24. Nxd5 Bxd5 25. Rhe1+ Kf8 26. Qxd5 Ra7 27.
Re8+ Kg7 28. Rxh8 Qc3 29. Ra8 Qa1+ 30. Kc2 Qa2+ 31. Kc3 Rxa8 32. Qxf7+ Kh8 33.
Qxh5 Qa5+ 34. Kc2 Qa2+ 35. Kc3 Qa5+ 36. Kc2 Qa2+ 37. Kc3 1/2-1/2

[Event "Meister gegen Talente"]
[Site "?"]
[Date "2018.06.24"]
[Round "5"]
[White "Silber, Kevin"]
[Black "Margraf, Daniel"]
[Result "0-1"]
[WhiteElo "2124"]
[BlackElo "2245"]
[PlyCount "62"]
[EventDate "2018.??.??"]
[SourceVersionDate "2018.06.17"]

1. Nf3 d5 2. b3 Bg4 3. Ne5 Bh5 4. d4 Nd7 5. Bb2 Ngf6 6. Nd2 e6 7. g3 c5 8. Bg2
cxd4 9. Bxd4 Bc5 10. Bxc5 Nxc5 11. O-O O-O 12. h3 Qc7 13. f4 Rac8 14. g4 Bg6
15. Nxg6 hxg6 16. e3 Nce4 17. Bxe4 dxe4 18. c4 Rfd8 19. Qe2 Qa5 20. Rfd1 Rd3
21. g5 Rcd8 22. Nf1 Nh5 23. Rxd3 Rxd3 24. Qg2 Qf5 25. Qg4 Qc5 26. Qg2 Nxf4 27.
Qxe4 Qxg5+ 28. Kf2 Nxh3+ 29. Ke1 Qa5+ 30. Ke2 Qc3 31. Rc1 Qb2+ 0-1

[Event "Meister gegen Talente"]
[Site "?"]
[Date "2018.07.03"]
[Round "5"]
[White "Heldt, Nils-Lennart"]
[Black "Hundack, Rolf"]
[Result "0-1"]
[WhiteElo "1974"]
[BlackElo "2075"]
[PlyCount "64"]
[EventDate "2018.??.??"]
[SourceVersionDate "2018.06.17"]

1. e4 e5 2. Nf3 Nc6 3. Bc4 Be7 4. O-O Nf6 5. Re1 O-O 6. Nc3 d6 7. h3 Be6 8.
Bxe6 fxe6 9. d4 Qe8 10. Bg5 Qg6 11. Bxf6 Bxf6 12. d5 Nd4 13. Nxd4 exd4 14. Nb5
Be5 15. Nxd4 exd5 16. Nf3 Bxb2 17. Qxd5+ Kh8 18. Rab1 Ba3 19. Rb3 Bc5 20. Qxb7
Bb6 21. Qd5 Rae8 22. Re2 Re6 23. a4 a5 24. Qg5 Qe8 25. Qb5 Qe7 26. Qd3 Qf6 27.
c3 Qh6 28. Rb5 Rg6 29. Rf5 Rb8 {[#] Nach jedem normalen Zug, der die Drohung ..
.Dxh3 pariert, steht Weiß (fast) auf Gewinn.} 30. e5 $4 (30. Kh2 $18) (30. Nd4
$18) 30... Qxh3 31. Rf8+ Rxf8 32. Qxg6 hxg6 0-1

[Event "Meister gegen Talente "]
[Site "?"]
[Date "2018.06.24"]
[Round "6"]
[White "Buchal, Stephan"]
[Black "Silber, Kevin"]
[Result "0-1"]
[WhiteElo "2237"]
[BlackElo "2124"]
[Annotator "Buchal,Stephan"]
[PlyCount "82"]
[SourceVersionDate "2018.06.17"]

1. c4 c6 2. Nf3 d5 3. g3 Nf6 4. Bg2 Bg4 5. Ne5 Bf5 $6 {(91 - 90) Restbedenkzeit
} (5... Be6 $142 6. cxd5 Bxd5 7. Nf3 c5) 6. cxd5 cxd5 7. Qa4+ Nbd7 8. Nc3 e6 9.
g4 Bg6 10. h4 h5 {(88 - 78)} 11. g5 {Diese Stellung hatte ich schon zweimal
auf dem Brett, einmal in der 2. Bundesliga, einmal im Werder Open. Beide Male
machte es mir keine besonders große Mühe, den Vorteil zu realisieren. Ich
wähnte mich daher bei unserem kleinen Turnier schon bei dem netten Score von
5,5 aus 6. Zu meiner Überraschung fängt Kevin jetzt an, richtig zu kämpfen
statt die Partie "anständig" zu verlieren - so ist das wohl bei "Jung gegen
Alt".} Ng4 12. Nxg6 fxg6 13. Qc2 Kf7 14. d4 Bd6 15. Rh3 Qc7 {(65 - 58)} 16.
Rf3+ Ke7 17. Qxg6 Raf8 18. Bh3 $2 (18. Bd2 {wollte ich eigentlich spielen,
habe darüber auch länger nachgedacht und weiß nicht mehr, warum ich mich
anders entschieden habe.} Qb6 19. Qxg7+ Kd8 20. Rc1 Rxf3 21. exf3 Be5 22. dxe5
Qxf2+ 23. Kd1 $18) 18... Kd8 $1 {Jetzt wirds schon etwas schwieriger} 19. Rxf8+
$2 (19. Bd2 $18) (19. Qxg7 $18) 19... Rxf8 (19... Nxf8 20. Qc2 (20. Qd3 Qf7 21.
Qf3 Qxf3 22. exf3 Nh2 23. Ke2 Ng6 $15) 20... Bb4 $11) 20. Qxe6 $2 (20. Bxg4
hxg4 21. Be3 {hatte ich geplant, durchgerechnet - ist aber auch nicht besser} (
21. Qxe6 $16 {scheint hier gut zu sein}) 21... Ba3 $1 {übersehen} (21... g3
22. f3 (22. fxg3 Bxg3+ 23. Kd2 {hatte ich für gut befunden, stimmt auch.})
22... Ba3 $1 23. Qc2 $11)) 20... Bg3 $2 {(14 - 32)} (20... Bb4 $1 21. Bxg4
Bxc3+ 22. bxc3 Qxc3+ 23. Kf1 hxg4 24. Rb1 Qh3+ 25. Ke1 Qxh4 26. Qxd5 Qxf2+ 27.
Kd2 $11) 21. Bxg4 Bxf2+ 22. Kd1 hxg4 23. Qxg4 $2 {erschien mir "sicherer" als}
(23. Nxd5 $18 Qc4 24. Qe7+ Kc8 25. Bd2 $1 $18) 23... Qc4 24. Bd2 Bxd4 25. Kc2
$2 (25. Rc1 $16 Ne5 $2 26. Qg2 $18) 25... Ne5 $11 {(8 - 14)} 26. Qg2 Bxc3 27.
Bxc3 Ng4 {übersehen, Panik!} 28. Qg3 {gefunden, mit Remisangebot} Qxe2+ 29.
Kb3 $4 (29. Bd2 $8 Qc4+ 30. Qc3 $11) 29... Qc4+ 30. Ka3 Rf4 $1 {(3 - 5)
übersehen} 31. b4 a5 32. Rb1 Qe4 33. Rb3 a4 $2 (33... Kc8 $19) 34. Kxa4 $2 (
34. Bd2 $1 $11 axb3 35. Qxf4 Qxf4 36. Bxf4 bxa2 37. Kxa2 g6 38. Kb3 Kd7 39. Kc3
Ke6 40. Kd4 Nf2 41. b5 Ne4 42. Be3 $11) 34... Qc4 $2 (34... d4 $1 $19) 35. Ka3
$2 (35. Rb2 $8 Kd7 $17) 35... Qa6+ {1 - 1} 36. Kb2 Rf2+ 37. Bd2 Rxd2+ 38. Kc1
Rf2 39. Qxg4 Qf1+ 40. Qd1 Qc4+ 41. Kb1 Rf1 0-1

[Event "Meister gegen Talente "]
[Site "?"]
[Date "2018.06.24"]
[Round "6"]
[White "Timmerman, Gert"]
[Black "Heldt, Nils-Lennart"]
[Result "1-0"]
[WhiteElo "2201"]
[BlackElo "1974"]
[PlyCount "41"]
[EventDate "2018.??.??"]
[SourceVersionDate "2018.06.17"]

1. e4 e6 2. d4 d5 3. Nc3 Nf6 4. e5 Nfd7 5. Qg4 c5 6. dxc5 Nxc5 7. Qg3 Nc6 8.
Nb5 g6 9. f4 a6 10. Nd6+ Bxd6 11. exd6 Nd7 12. Nf3 Nf6 13. Bd3 Qxd6 14. Bd2 O-O
15. O-O-O Nb4 16. Kb1 Nxd3 17. cxd3 b6 18. Qh4 Nh5 19. g4 Nxf4 20. Qf6 Qd8 21.
Qxf4 1-0

[Event "Meister gegen Talente "]
[Site "?"]
[Date "2018.06.24"]
[Round "6"]
[White "Hundack, Rolf"]
[Black "Pahl, Theis"]
[Result "1-0"]
[WhiteElo "2075"]
[BlackElo "2128"]
[PlyCount "79"]
[EventDate "2018.??.??"]
[SourceVersionDate "2018.06.17"]

1. c4 c5 2. Nc3 g6 3. Nf3 Bg7 4. g3 d6 5. Bg2 Nc6 6. O-O Bd7 7. b3 e5 8. Bb2
Nge7 9. d3 O-O 10. Qd2 a6 11. Rad1 Rb8 12. Nh4 f5 13. f4 Be6 14. Nd5 b5 15. e3
Kh8 16. Bf3 Bg8 17. Qg2 a5 18. Ba1 Bxd5 19. cxd5 Nb4 20. a3 Na6 21. Be2 Qb6 22.
Kh1 a4 23. bxa4 bxa4 24. e4 exf4 25. Bxg7+ Kxg7 26. gxf4 Qb2 27. Nf3 Nc7 28.
Ng5 Rb3 29. e5 Nc8 30. Rg1 Nxd5 31. Ne6+ Kg8 32. Qxd5 Ne7 33. Qf3 dxe5 34. Nxf8
e4 35. Qg2 Kxf8 36. dxe4 Re3 37. Rd8+ Kg7 38. Qg5 Rxe4 39. Bf3 Re3 40. Rd7 1-0

[Event "Meister gegen Talente "]
[Site "?"]
[Date "2018.06.24"]
[Round "6"]
[White "Hoeksema, Hendrik Pieter"]
[Black "Pahl, Erik"]
[Result "1-0"]
[WhiteElo "2348"]
[BlackElo "2128"]
[PlyCount "87"]
[EventDate "2018.??.??"]
[SourceVersionDate "2018.06.17"]

1. Nf3 Nf6 2. c4 g6 3. Nc3 Bg7 4. e4 d6 5. d4 O-O 6. Be2 e5 7. O-O Nc6 8. d5
Ne7 9. Ne1 Nd7 10. Nd3 f5 11. Bd2 Nf6 12. f3 c5 13. Rb1 f4 14. b4 cxb4 15. Rxb4
b6 16. a4 g5 17. a5 bxa5 18. Rb2 Nd7 19. Na4 Qc7 20. c5 Ba6 21. c6 Nf6 22. Nf2
Bxe2 23. Qxe2 Rab8 24. Qa6 Rxb2 25. Nxb2 Qb6 26. Qxb6 axb6 27. Nc4 Nc8 28. Rb1
Ne8 29. Nxb6 Nc7 30. Nd7 Re8 31. Bxa5 Na6 32. Nd3 Kf7 33. Rb7 Kg6 34. Kf2 h5
35. h3 Bf6 36. Nb4 Nxb4 37. Bxb4 g4 38. hxg4 hxg4 39. fxg4 Bg5 40. Ke2 Bh4 41.
Nb6 Nxb6 42. Rxb6 Be7 43. c7 Rc8 44. Bxd6 1-0

[Event "Meister gegen Talente "]
[Site "?"]
[Date "2018.06.24"]
[Round "6"]
[White "Margraf, Daniel"]
[Black "Colbow, Collin"]
[Result "1-0"]
[WhiteElo "2245"]
[BlackElo "2087"]
[PlyCount "155"]
[EventDate "2018.??.??"]
[SourceVersionDate "2018.06.17"]

1. e4 c5 2. Nc3 Nc6 3. f4 g6 4. Nf3 Bg7 5. d3 d6 6. Be2 e6 7. O-O Nge7 8. Qe1
O-O 9. Kh1 a6 10. a4 Qc7 11. Qh4 Nd4 12. Bd1 Nec6 13. f5 exf5 14. Nxd4 cxd4 15.
Nd5 Qd8 16. Bg5 f6 17. Bh6 Ne7 18. Bxg7 Kxg7 19. Nxe7 Qxe7 20. exf5 Bxf5 21.
Qxd4 Rac8 22. a5 Rc5 23. Qf2 Qc7 24. Qd2 Rb5 25. Ra4 Rc8 26. Qf4 d5 27. g4 Qxf4
28. Raxf4 Bd7 29. Rxf6 Bc6 30. b3 Rxa5 31. Kg1 Rc5 32. Rf7+ Kg8 33. g5 d4 34.
h4 Re5 35. Bg4 Rd8 36. R7f6 Re7 37. Be6+ Kg7 38. Rf7+ Rxf7 39. Rxf7+ Kh8 40.
Kf2 Re8 41. Rf6 Kg7 42. Kg3 a5 43. Kf4 a4 44. b4 a3 45. Rf7+ Kh8 46. Ba2 Ba4
47. Rc7 Bc6 48. b5 Bxb5 49. Rxb7 Ba4 50. Ra7 Bxc2 51. Rxa3 Bd1 52. Bd5 Bc2 53.
Bc4 Bb1 54. Ra6 Rd8 55. Ke5 Bc2 56. Kf6 Bb1 57. Ke7 Rb8 58. Rd6 Kg7 59. Rxd4 h6
60. Rd7 hxg5 61. hxg5 Rb2 62. Ke6+ Kh8 63. Kf7 Rb6 64. Ra7 Rd6 65. Ra1 Rd7+ 66.
Kf6 Rd6+ 67. Ke5 Bxd3 68. Kxd6 Bxc4 69. Ra7 Kg8 70. Ke5 Bd3 71. Kf6 Kh8 72. Rg7
Bc2 73. Rxg6 Bb1 74. Rh6+ Kg8 75. g6 Bc2 76. g7 Bh7 77. Rh5 Bg6 78. Rh8# 1-0

[Event "34th ECC Open 2018"]
[White "Jepson, Christian"]
[Black "Werle, Jan"]
[Site "Porto Carras GRE"]
[Round "1.10"]
[Annotator ""]
[Result "0-1"]
[Date "2018.10.12"]
[WhiteElo "2413"]
[BlackElo "2527"]
[PlyCount "70"]

1. d4 Nf6 2. c4 e6 3. Nc3 Bb4 4. e3 0-0 5. Bd3 d5 6. Nf3 c5 7. 0-0 cxd4 8. exd4 dxc4 9. Bxc4 b6 10. Bg5 Bb7 11. Re1 Nc6 12. Rc1 Rc8 13. Bd3 h6 14. Bh4 Be7 15. Bb1 Nh5 16. Bg3 Nxg3 17. hxg3 Bf6 18. Ne4 Bxd4 19. Rxc6 Bxf2+ 20. Nxf2 Qxd1 21. Nxd1 Bxc6 22. Nc3 Rfd8 23. Kf2 b5 24. a3 a5 25. Be4 Be8 26. g4 g6 27. Re2 Kg7 28. Kg3 Rc7 29. Bc2 b4 30. axb4 axb4 31. Ne4 Bb5 32. Rf2 f5 33. gxf5 exf5 34. Nh4 fxe4 35. Bxe4 Bd3 0-1

[Event "34th ECC Open 2018"]
[White "Babula, Vlastimil"]
[Black "Kristensen, Kaare Hove"]
[Site "Porto Carras GRE"]
[Round "1.10"]
[Annotator ""]
[Result "1-0"]
[Date "2018.10.12"]
[WhiteElo "2522"]
[BlackElo "2347"]
[PlyCount "123"]

1. d4 d5 2. c4 e6 3. Nf3 c5 4. cxd5 exd5 5. Nc3 Nc6 6. dxc5 d4 7. Na4 Bxc5 8. Nxc5 Qa5+ 9. Bd2 Qxc5 10. e3 dxe3 11. Bxe3 Qb4+ 12. Qd2 Nge7 13. Be2 Nd5 14. 0-0 Nxe3 15. Qxe3+ Qe7 16. Qc3 0-0 17. Bb5 Be6 18. Bxc6 Rfc8 19. Nd4 bxc6 20. Rfe1 Qf6 21. Nxe6 Qxc3 22. bxc3 fxe6 23. Rxe6 Kf7 24. Rae1 Rc7 25. h4 Rd8 26. R6e4 g6 27. R1e2 Rd1+ 28. Kh2 Rd3 29. Rf4+ Kg7 30. Rc4 Kf6 31. f3 c5 32. Kg3 Rd5 33. Rf4+ Rf5 34. Rfe4 c4 35. Re6+ Kf7 36. R2e5 Rxe5 37. Rxe5 Rc6 38. Ra5 a6 39. a4 Ke6 40. Kf4 Kd6 41. Kg5 Rb6 42. Kh6 Rb3 43. Rxa6+ Kc5 44. Ra5+ Kd6 45. Ra6+ Kd5 46. Ra8 Rxc3 47. Kxh7 Re3 48. Rd8+ Kc5 49. Kxg6 c3 50. Rc8+ Kd5 51. Kf5 Kd4 52. h5 Re5+ 53. Kg4 Kd3 54. h6 Re7 55. Kh5 c2 56. g4 Re8 57. Rc6 Re6 58. Rxc2 Kxc2 59. h7 Re8 60. g5 Kd3 61. g6 Re1 62. g7 1-0